[Event "Turkey Cup 2020"]
[Site "Antalya-Belek"]
[Date "2020.01.28"]
[Round "4.15"]
[White "Kirilmaz, Emre"]
[Black "Ozer, Omer Faruk"]
[Result "0-1"]
[WhiteElo "2068"]
[BlackElo "2338"]
[Annotator "NA"]
[PlyCount "52"]
[EventDate "2020.01.26"]
[EventType "swiss"]
[EventCountry "TUR"]
[SourceTitle "playchess.com"]
[Source "ChessBase"]
[SourceQuality "1"]

1. d4 Nf6 2. c3 c5 3. Nf3 g6 4. dxc5 Bg7 5. b4 a5 6. Bb2 b6 7. cxb6 Qxb6 8. a3 Ba6 9. e3 Bxf1 10. Rxf1 O-O 11. Nbd2 d5 12. Qb3 Na6 13. Ke2 Rab8 14. Rfb1 Qd6 15. Qa4 e5 16. Qxa5 e4 17. Nd4 Rfc8 18. Qa4 Ng4 19. c4 dxc4 20. Nxe4 Qd5 21. Qc2 f5 22. f3 Nxe3 23. Kxe3 c3 24. Qd3 cxb2 25. Rxb2 fxe4 26. fxe4 Qg5+ 0-1

[Event "Turkey Cup 2020"]
[Site "Antalya-Belek"]
[Date "2020.01.28"]
[Round "4.16"]
[White "Kucuk, Dogan"]
[Black "Ozenir, Ekin Baris"]
[Result "0-1"]
[WhiteElo "2005"]
[BlackElo "2285"]
[Annotator "NA"]
[PlyCount "106"]
[EventDate "2020.01.26"]
[EventType "swiss"]
[EventCountry "TUR"]
[SourceTitle "playchess.com"]
[Source "ChessBase"]
[SourceQuality "1"]

1. c4 e5 2. Nc3 Nc6 3. Nf3 g6 4. d4 exd4 5. Nxd4 Bg7 6. Nxc6 bxc6 7. g3 Ne7 8. Bg2 O-O 9. O-O d6 10. Qa4 Bd7 11. Rd1 h6 12. Qa5 Qb8 13. b3 Qb6 14. Qxb6 axb6 15. Bb2 Be6 16. Rd2 f5 17. e3 g5 18. Ne2 Bxb2 19. Rxb2 Ra3 20. Nd4 Bd7 21. Nc2 Ra5 22. a4 f4 23. exf4 gxf4 24. Re1 Ng6 25. Nb4 Ne5 26. Rd2 f3 27. Bf1 Bf5 28. Nd3 Bxd3 29. Bxd3 Raa8 30. h3 Rae8 31. Bf1 c5 32. Ra1 Nc6 33. Rd3 Nd4 34. Rad1 Re4 35. g4 Kg7 36. Re3 Rxe3 37. fxe3 Nxb3 38. Kf2 Na5 39. Bd3 Nc6 40. Ra1 Ne5 41. Bf1 Ra8 42. Kg3 Kf6 43. Kf4 Ke6 44. h4 Rf8+ 45. Kg3 Rg8 46. Bh3 Ke7 47. a5 bxa5 48. Rxa5 Nxg4 49. Kxf3 Ne5+ 50. Ke4 Rg3 51. Bf1 Rg4+ 52. Kf5 Rxh4 53. Ra7 Kd7 0-1

[Event "Turkey Cup 2020"]
[Site "Antalya-Belek"]
[Date "2020.01.28"]
[Round "4.17"]
[White "Dolgun, Can"]
[Black "Mecit, Emre"]
[Result "1-0"]
[WhiteElo "2266"]
[BlackElo "2019"]
[Annotator "NA"]
[PlyCount "85"]
[EventDate "2020.01.26"]
[EventType "swiss"]
[EventCountry "TUR"]
[SourceTitle "playchess.com"]
[Source "ChessBase"]
[SourceQuality "1"]

1. e4 e5 2. Nf3 Nf6 3. Nxe5 d6 4. Nf3 Nxe4 5. c4 d5 6. Nc3 Nf6 7. d4 Be7 8. c5 O-O 9. Be2 b6 10. cxb6 axb6 11. O-O c5 12. a4 Nc6 13. h3 Ne4 14. Nb5 Bf6 15. Be3 Re8 16. Re1 Ba6 17. Rc1 Qd7 18. dxc5 bxc5 19. Bxc5 Bxb2 20. Rc2 Bf6 21. Bd4 Nxd4 22. Nfxd4 Be5 23. Nc6 Nf6 24. Bf1 Bf4 25. Rxe8+ Rxe8 26. g3 Bb8 27. Nb4 Bb7 28. a5 d4 29. Qxd4 Qf5 30. a6 Ba8 31. f4 Qg6 32. Rc3 Nh5 33. Re3 Rf8 34. Bd3 Qh6 35. h4 Nxf4 36. gxf4 Qxh4 37. Nd5 Bxd5 38. Qxd5 Bxf4 39. Re2 Qg3+ 40. Kf1 Qh3+ 41. Rg2 Qh1+ 42. Kf2 Re8 43. Rxg7+ 1-0

[Event "Turkey Cup 2020"]
[Site "Antalya-Belek"]
[Date "2020.01.28"]
[Round "4.18"]
[White "Citak, Selim"]
[Black "Demirbas, Emre"]
[Result "1/2-1/2"]
[WhiteElo "2198"]
[BlackElo "1944"]
[Annotator "NA"]
[PlyCount "50"]
[EventDate "2020.01.26"]
[EventType "swiss"]
[EventCountry "TUR"]
[SourceTitle "playchess.com"]
[Source "ChessBase"]
[SourceQuality "1"]

1. e4 c5 2. Nf3 e6 3. d4 cxd4 4. Nxd4 Nf6 5. Nc3 Nc6 6. Nxc6 bxc6 7. e5 Nd5 8. Ne4 Qc7 9. f4 Qb6 10. c4 Ne3 11. Qd3 Bb4+ 12. Bd2 O-O 13. Rc1 Nxf1 14. Rxf1 Be7 15. Bc3 f5 16. exf6 Bxf6 17. Nxf6+ gxf6 18. Rc2 d5 19. Rf3 Ba6 20. Qe2 Rae8 21. Rg3+ Kh8 22. Qg4 Qc7 23. cxd5 exd5+ 24. Kd1 Bc8 25. f5 Qf7 1/2-1/2

[Event "Turkey Cup 2020"]
[Site "Antalya-Belek"]
[Date "2020.01.28"]
[Round "4.19"]
[White "Kilic, Eray"]
[Black "Samani, Yamac"]
[Result "1/2-1/2"]
[WhiteElo "2069"]
[BlackElo "2259"]
[Annotator "NA"]
[PlyCount "66"]
[EventDate "2020.01.26"]
[EventType "swiss"]
[EventCountry "TUR"]
[SourceTitle "playchess.com"]
[Source "ChessBase"]
[SourceQuality "1"]

1. Nf3 c5 2. c4 Nc6 3. Nc3 g6 4. g3 Bg7 5. Bg2 e5 6. O-O Nge7 7. d3 O-O 8. Nd2 d6 9. Nd5 Be6 10. Rb1 Qd7 11. Qa4 Nxd5 12. cxd5 Nd4 13. Qd1 Bg4 14. f3 Bh3 15. Bxh3 Qxh3 16. e3 Nf5 17. Ne4 Ne7 18. Nxd6 Qd7 19. Ne4 Qxd5 20. Nc3 Qe6 21. e4 Rfd8 22. Qe2 Qa6 23. Be3 b6 24. Rbd1 Rd6 25. f4 Rad8 26. f5 Qb7 27. g4 Qd7 28. Qf3 f6 29. h4 Qe8 30. g5 Rxd3 31. Rxd3 Rxd3 32. gxf6 Bxf6 33. fxg6 Qxg6+ 1/2-1/2

[Event "Turkey Cup 2020"]
[Site "Antalya-Belek"]
[Date "2020.01.28"]
[Round "4.20"]
[White "Kilic, Efe Mert"]
[Black "Duran, Esma Doga"]
[Result "1-0"]
[WhiteElo "2247"]
[BlackElo "1877"]
[Annotator "NA"]
[PlyCount "89"]
[EventDate "2020.01.26"]
[EventType "swiss"]
[EventCountry "TUR"]
[SourceTitle "playchess.com"]
[Source "ChessBase"]
[SourceQuality "1"]

1. Nf3 Nf6 2. g3 d5 3. Bg2 Bg4 4. O-O e6 5. d3 Be7 6. Nbd2 O-O 7. b3 c5 8. h3 Bxf3 9. Bxf3 Nc6 10. Bb2 Nd7 11. c4 Bf6 12. Bxf6 Nxf6 13. Bg2 Qe7 14. Re1 Rad8 15. Qc1 d4 16. Qa3 Qd6 17. Qa4 Nd7 18. a3 a5 19. Bxc6 bxc6 20. Ne4 Qc7 21. b4 cxb4 22. axb4 axb4 23. Qxb4 f5 24. Ng5 Rfe8 25. c5 Ne5 26. h4 h6 27. Nh3 Kh7 28. Ra6 Rg8 29. Rea1 Qb8 30. Rb6 Qc8 31. Ra7 Rd7 32. Rbb7 Rgd8 33. Nf4 Rxb7 34. Qxb7 Qxb7 35. Rxb7 Re8 36. Nh5 Kg6 37. Nxg7 Ra8 38. Nxe6 Ra1+ 39. Kg2 Ra4 40. Nf8+ Kf6 41. Nd7+ Ke6 42. Nxe5 Kxe5 43. Rh7 Kd5 44. Rxh6 Kxc5 45. Rh5 1-0

[Event "Turkey Cup 2020"]
[Site "Antalya-Belek"]
[Date "2020.01.28"]
[Round "4.21"]
[White "Ibik, Halit Yavuz"]
[Black "Ozsoy, Alimert"]
[Result "1/2-1/2"]
[WhiteElo "1952"]
[BlackElo "2211"]
[Annotator "NA"]
[PlyCount "67"]
[EventDate "2020.01.26"]
[EventType "swiss"]
[EventCountry "TUR"]
[SourceTitle "playchess.com"]
[Source "ChessBase"]
[SourceQuality "1"]

1. e4 c5 2. Nf3 d6 3. d4 cxd4 4. Qxd4 Nc6 5. Bb5 Bd7 6. Bxc6 Bxc6 7. Nc3 Nf6 8. Bg5 e6 9. Qd3 Be7 10. Nd4 h6 11. Bh4 O-O 12. O-O-O Rc8 13. f4 Qa5 14. Kb1 Rfe8 15. Be1 Qh5 16. Bd2 Qc5 17. Be3 Qa5 18. h3 Nd7 19. Qd2 Nc5 20. Nxc6 Rxc6 21. f5 Qb4 22. Bd4 Bg5 23. Qf2 e5 24. Bxc5 Rxc5 25. Qf3 Rec8 26. Nd5 Qa4 27. c3 Ra5 28. Nb4 Rb5 29. h4 a5 30. Nd5 Bd8 31. Qd3 Rbc5 32. g4 b5 33. g5 b4 34. cxb4 1/2-1/2

[Event "Turkey Cup 2020"]
[Site "Antalya-Belek"]
[Date "2020.01.28"]
[Round "4.22"]
[White "Erdogan, Atakan"]
[Black "Altun, Arda"]
[Result "0-1"]
[WhiteElo "1901"]
[BlackElo "2200"]
[Annotator "NA"]
[PlyCount "52"]
[EventDate "2020.01.26"]
[EventType "swiss"]
[EventCountry "TUR"]
[SourceTitle "playchess.com"]
[Source "ChessBase"]
[SourceQuality "1"]

1. Nf3 c5 2. g3 Nc6 3. Bg2 g6 4. O-O Bg7 5. d3 e5 6. c4 Nge7 7. Nc3 d6 8. Rb1 O-O 9. a3 a5 10. Nb5 Rb8 11. Bd2 d5 12. cxd5 Nxd5 13. Ng5 h6 14. Ne4 b6 15. Ned6 Be6 16. e3 Qd7 17. Nc4 Rfd8 18. Qc2 Nde7 19. Ncd6 Na7 20. Nxa7 Qxd6 21. Qa4 Qxd3 22. Bc3 Bd7 23. Qe4 Qa6 24. Bxe5 Bf5 25. Qh4 g5 26. Qh5 Bg6 0-1

[Event "Turkey Cup 2020"]
[Site "Antalya-Belek"]
[Date "2020.01.28"]
[Round "4.23"]
[White "Agdelen, Huseyin Can"]
[Black "Selvi, Kaan"]
[Result "1-0"]
[WhiteElo "2199"]
[BlackElo "1907"]
[Annotator "NA"]
[PlyCount "79"]
[EventDate "2020.01.26"]
[EventType "swiss"]
[EventCountry "TUR"]
[SourceTitle "playchess.com"]
[Source "ChessBase"]
[SourceQuality "1"]

1. e4 d5 2. exd5 Qxd5 3. Nc3 Qd8 4. d4 g6 5. Nf3 Bg7 6. Bc4 Nf6 7. O-O O-O 8. Re1 a6 9. a4 b6 10. Qe2 e6 11. Bg5 h6 12. Bh4 g5 13. Bg3 Nc6 14. Rad1 Ne7 15. h4 g4 16. Ne5 h5 17. f3 Nf5 18. Bf4 Nh7 19. fxg4 Qxh4 20. g3 Nxg3 21. Qf3 Bxe5 22. Rxe5 f6 23. Re3 Qxg4 24. Qxg4+ hxg4 25. Rxg3 f5 26. d5 Re8 27. Re3 Nf8 28. Bxc7 Ra7 29. d6 Kg7 30. Bxb6 Rf7 31. Bd4+ Kg6 32. Nd5 Bb7 33. Nf4+ Kg5 34. Nxe6+ Nxe6 35. Rxe6 Rxe6 36. Bxe6 Rh7 37. d7 Rh1+ 38. Kf2 g3+ 39. Kxg3 f4+ 40. Kf2 1-0

[Event "Turkey Cup 2020"]
[Site "Antalya-Belek"]
[Date "2020.01.28"]
[Round "4.24"]
[White "Kilic, Gokturk Kagan"]
[Black "Gunduz, Umut Erdem"]
[Result "1-0"]
[WhiteElo "1923"]
[BlackElo "2193"]
[Annotator "ChessBase"]
[PlyCount "117"]
[EventDate "2020.01.26"]
[EventType "swiss"]
[EventCountry "TUR"]
[SourceTitle "playchess.com"]
[Source "ChessBase"]
[SourceQuality "1"]

1. d4 Nf6 2. c4 e6 3. Nf3 c5 4. d5 d6 5. Nc3 exd5 6. cxd5 g6 7. Nd2 a6 8. a4 Bg7 9. e4 O-O 10. Be2 Re8 11. O-O Nbd7 12. Qc2 Ne5 13. h3 g5 14. Nd1 Bd7 15. a5 g4 16. hxg4 Nfxg4 17. Ra3 f5 18. exf5 Qf6 19. Ne3 h5 20. Ne4 Qh4 21. Nxg4 hxg4 22. Ng5 Bf6 23. Ne6 Re7 24. Bxg4 Kf7 25. Bh3 Rg8 26. Bf4 Bb5 27. Re1 Ke8 28. Re4 Qh5 29. Bg3 Kd7 30. Bxe5 dxe5 31. Nxc5+ Ke8 32. d6 Reg7 33. Ne6 Rd7 34. Nc7+ Kf8 35. Ne6+ Ke8 36. Nc7+ Kf8 37. Nxb5 axb5 38. Qc8+ Rd8 39. Qxb7 Qd1+ 40. Kh2 Qxd6 41. Qxb5 Ke7 42. Qb4 Qxb4 43. Rxb4 Rb8 44. Rxb8 Rxb8 45. a6 e4 46. a7 Ra8 47. Ra4 Kf7 48. g3 Be7 49. Bg2 Bc5 50. Bxe4 Rxa7 51. Rxa7+ Bxa7 52. f4 Bd4 53. b3 Kf6 54. g4 Kg7 55. Kg3 Kf6 56. g5+ Kg7 57. Kg4 Bc3 58. f6+ Kf8 59. Kf5 1-0

[Event "Turkey Cup 2020"]
[Site "Antalya-Belek"]
[Date "2020.01.28"]
[Round "4.25"]
[White "Demir, Bilal"]
[Black "Bacak, Muhammed Kaan"]
[Result "0-1"]
[WhiteElo "1964"]
[BlackElo "2158"]
[Annotator "NA"]
[PlyCount "66"]
[EventDate "2020.01.26"]
[EventType "swiss"]
[EventCountry "TUR"]
[SourceTitle "playchess.com"]
[Source "ChessBase"]
[SourceQuality "1"]

1. e4 c5 2. c3 Nf6 3. e5 Nd5 4. Nf3 e6 5. d4 cxd4 6. cxd4 b6 7. a3 Ba6 8. Bxa6 Nxa6 9. Qe2 Nac7 10. Bg5 Be7 11. Bxe7 Qxe7 12. O-O O-O 13. Nbd2 f6 14. Rac1 Nf4 15. Qc4 Ncd5 16. Rfe1 fxe5 17. dxe5 Qf7 18. Qf1 Qh5 19. Kh1 Rf7 20. Rc4 Raf8 21. Rec1 g5 22. Re4 g4 23. Ng1 Ng6 24. Re2 Nxe5 25. Ne4 Nd3 26. Rcc2 N3f4 27. Red2 Qe5 28. Nc3 Nxc3 29. Rxc3 h5 30. Re3 Qg5 31. Qa6 d5 32. Ne2 Nxg2 33. Rxe6 Qxd2 0-1

[Event "Turkey Cup 2020"]
[Site "Antalya-Belek"]
[Date "2020.01.28"]
[Round "4.26"]
[White "Caner, Resul"]
[Black "Kara, Yanki"]
[Result "1/2-1/2"]
[WhiteElo "1932"]
[BlackElo "2175"]
[Annotator "NA"]
[PlyCount "27"]
[EventDate "2020.01.26"]
[EventType "swiss"]
[EventCountry "TUR"]
[SourceTitle "playchess.com"]
[Source "ChessBase"]
[SourceQuality "1"]

1. e4 g6 2. d4 Bg7 3. Nc3 d6 4. h4 h6 5. h5 g5 6. f4 gxf4 7. Bxf4 Nc6 8. Bb5 Bd7 9. Nf3 a6 10. Bxc6 Bxc6 11. Qd3 b5 12. O-O-O Nf6 13. d5 b4 14. e5 1/2-1/2

[Event "Turkey Cup 2020"]
[Site "Antalya-Belek"]
[Date "2020.01.28"]
[Round "4.28"]
[White "Ozkan, Ervin"]
[Black "Temizer, Umut"]
[Result "1-0"]
[WhiteElo "2185"]
[BlackElo "1927"]
[Annotator "NA"]
[PlyCount "65"]
[EventDate "2020.01.26"]
[EventType "swiss"]
[EventCountry "TUR"]
[SourceTitle "playchess.com"]
[Source "ChessBase"]
[SourceQuality "1"]

1. d4 d5 2. c4 c6 3. Nf3 Nf6 4. e3 e6 5. b3 Nbd7 6. Bd3 Bd6 7. Bb2 O-O 8. Nbd2 b6 9. O-O Qc7 10. Rc1 Ba6 11. Qe2 Rfe8 12. e4 dxe4 13. Nxe4 Bf4 14. Nxf6+ Nxf6 15. Rcd1 c5 16. dxc5 bxc5 17. g3 Bb7 18. Nd2 e5 19. Ne4 Qc6 20. f3 Bh6 21. Nd6 e4 22. Nxe8 exf3 23. Nxf6+ gxf6 24. Qe7 Re8 25. Bxh7+ Kxh7 26. Qxf7+ Bg7 27. Rd5 Re5 28. Bxe5 fxe5 29. Qh5+ Bh6 30. Qf5+ Kg8 31. Rd8+ Kg7 32. Rd7+ Kg8 33. Qf7+ 1-0

[Event "Turkey Cup 2020"]
[Site "Antalya-Belek"]
[Date "2020.01.28"]
[Round "4.29"]
[White "Ersahin, Bulent"]
[Black "Caberoglu, Arda"]
[Result "1/2-1/2"]
[WhiteElo "2121"]
[BlackElo "1893"]
[Annotator "NA"]
[PlyCount "72"]
[EventDate "2020.01.26"]
[EventType "swiss"]
[EventCountry "TUR"]
[SourceTitle "playchess.com"]
[Source "ChessBase"]
[SourceQuality "1"]

1. e4 c6 2. d3 d5 3. Nd2 e5 4. Ngf3 Bg4 5. h3 Bxf3 6. Qxf3 Nf6 7. g3 Nbd7 8. Bg2 Be7 9. O-O O-O 10. Re1 a5 11. Nf1 dxe4 12. dxe4 Nc5 13. Ne3 g6 14. Nc4 Qc7 15. Bh6 Rfe8 16. Qc3 Nfd7 17. Rad1 b5 18. Ne3 Nf6 19. Ng4 Nxg4 20. hxg4 Na4 21. Qb3 Rad8 22. c3 Rxd1 23. Rxd1 Rd8 24. Rxd8+ Qxd8 25. Qc2 g5 26. c4 Qd6 27. cxb5 Nc5 28. Qc3 Qxh6 29. Qxa5 cxb5 30. Qxb5 Qd6 31. a4 Kg7 32. a5 Qa6 33. Qe8 Qa7 34. Qb5 Qa6 35. Qe8 Qa7 36. Qb5 Qa6 1/2-1/2

[Event "Turkey Cup 2020"]
[Site "Antalya-Belek"]
[Date "2020.01.28"]
[Round "4.30"]
[White "Ozkale, Can Barkin"]
[Black "Can, Melih Kaan"]
[Result "0-1"]
[WhiteElo "1796"]
[BlackElo "2138"]
[Annotator "NA"]
[PlyCount "48"]
[EventDate "2020.01.26"]
[EventType "swiss"]
[EventCountry "TUR"]
[SourceTitle "playchess.com"]
[Source "ChessBase"]
[SourceQuality "1"]

1. e4 Nf6 2. d3 d5 3. Nc3 e5 4. Bg5 d4 5. Nd5 Be6 6. Nxf6+ gxf6 7. Bd2 c5 8. f4 Nc6 9. Nf3 Qb6 10. Be2 Rg8 11. O-O c4 12. Kh1 cxd3 13. cxd3 Be7 14. fxe5 fxe5 15. b4 Rg6 16. Qa4 Qa6 17. Bd1 Qxd3 18. Re1 b5 19. Qa6 Bc8 20. Qxc6+ Rxc6 21. Be2 Qa3 22. Bxb5 Bd7 23. Nxe5 Rc7 24. Rac1 Bxb5 0-1

[Event "Turkey Cup 2020"]
[Site "Antalya-Belek"]
[Date "2020.01.28"]
[Round "4.31"]
[White "Baylav, Can"]
[Black "Onem, Cem"]
[Result "1-0"]
[WhiteElo "2176"]
[BlackElo "1805"]
[Annotator "NA"]
[PlyCount "75"]
[EventDate "2020.01.26"]
[EventType "swiss"]
[EventCountry "TUR"]
[SourceTitle "playchess.com"]
[Source "ChessBase"]
[SourceQuality "1"]

1. e4 e5 2. Nf3 Nc6 3. Bb5 a6 4. Ba4 Nf6 5. O-O Be7 6. Re1 b5 7. Bb3 d6 8. c3 Na5 9. Bc2 c5 10. d4 Qc7 11. d5 O-O 12. h3 Nc4 13. b3 Nb6 14. a4 h6 15. Qe2 bxa4 16. bxa4 Re8 17. Nbd2 Bf8 18. a5 Nbd7 19. Nc4 Rb8 20. Ba4 Rd8 21. Bd2 Bb7 22. g4 Be7 23. Bc2 Ba8 24. Kh2 Rdc8 25. g5 hxg5 26. Bxg5 Bb7 27. Rg1 Nf8 28. Nh4 Qd8 29. Nf5 g6 30. Bxf6 Bxf6 31. Nfxd6 Rc7 32. Nxb7 Rcxb7 33. Qe3 Nd7 34. Rg2 Kh7 35. Nd6 Rb2 36. Nxf7 Qe7 37. Qh6+ Kg8 38. Qxg6+ 1-0

[Event "Turkey Cup 2020"]
[Site "Antalya-Belek"]
[Date "2020.01.28"]
[Round "4.32"]
[White "Korkmaz, Necmettin"]
[Black "Ozcan, Ilker"]
[Result "0-1"]
[WhiteElo "2157"]
[BlackElo "1858"]
[Annotator "NA"]
[PlyCount "64"]
[EventDate "2020.01.26"]
[EventType "swiss"]
[EventCountry "TUR"]
[SourceTitle "playchess.com"]
[Source "ChessBase"]
[SourceQuality "1"]

1. e4 c5 2. Nc3 d6 3. Nf3 a6 4. d4 cxd4 5. Nxd4 Nf6 6. Bg5 e6 7. f4 Be7 8. Qf3 O-O 9. O-O-O Qc7 10. Bd3 Nbd7 11. Nb3 Rb8 12. Rhe1 e5 13. f5 b5 14. a3 Bb7 15. h4 b4 16. axb4 d5 17. Bxf6 Nxf6 18. Nxd5 Bxd5 19. exd5 Bxb4 20. Re2 a5 21. Nd2 a4 22. Nb1 Nd7 23. f6 Nxf6 24. d6 Bxd6 25. g4 Qb6 26. c3 a3 27. Nxa3 Bxa3 28. bxa3 e4 29. Bxe4 Nxe4 30. Qxe4 Qb3 31. Qe5 Qb1+ 32. Kd2 Rbd8+ 0-1

[Event "Turkey Cup 2020"]
[Site "Antalya-Belek"]
[Date "2020.01.28"]
[Round "4.33"]
[White "Guven, Oguz Kagan"]
[Black "Zekeriyaoglu, Ersen"]
[Result "1-0"]
[WhiteElo "2143"]
[BlackElo "1799"]
[Annotator "ChessBase"]
[PlyCount "129"]
[EventDate "2020.01.26"]
[EventType "swiss"]
[EventCountry "TUR"]
[SourceTitle "playchess.com"]
[Source "ChessBase"]
[SourceQuality "1"]

1. Nf3 Nf6 2. c4 c5 3. g3 e6 4. Bg2 Nc6 5. O-O d5 6. cxd5 exd5 7. d4 Be7 8. dxc5 Bxc5 9. Bg5 Be6 10. Nc3 O-O 11. Rc1 Be7 12. Nd4 h6 13. Bf4 Qd7 14. Nxc6 bxc6 15. Na4 Bh3 16. Nc5 Qf5 17. Qd3 Qxd3 18. Nxd3 Bxg2 19. Kxg2 Rac8 20. Be3 Rc7 21. Rc2 Rfc8 22. Rfc1 Bd6 23. Nc5 Ng4 24. Bd4 Be5 25. Bxe5 Nxe5 26. b3 Re7 27. h3 g5 28. Na6 Kg7 29. e3 Rb7 30. f4 Nd3 31. Rd1 Rb6 32. Rxd3 Rxa6 33. Rdc3 gxf4 34. gxf4 f5 35. Kf3 Kf7 36. h4 Ke7 37. h5 Kf7 38. b4 Rb6 39. a3 Ke7 40. Rg2 Rf8 41. Ke2 Rf6 42. Kd3 Kd6 43. Kd4 Re6 44. Rg6 Ra6 45. Rxe6+ Kxe6 46. Kc5 Kd7 47. Rb3 Rb6 48. a4 Kc7 49. Rb1 Rb8 50. Rg1 Re8 51. Rg7+ Kd8 52. Kxc6 Rxe3 53. Rxa7 Re4 54. b5 Rxf4 55. Kxd5 Rb4 56. Kc5 Rb1 57. Rf7 Rc1+ 58. Kb6 Rc4 59. a5 f4 60. a6 Ke8 61. Rf5 Ra4 62. a7 Kd7 63. Rxf4 Rxf4 64. a8=Q Rf6+ 65. Qc6+ 1-0

[Event "Turkey Cup 2020"]
[Site "Antalya-Belek"]
[Date "2020.01.28"]
[Round "4.34"]
[White "Gulbeyaz, Emir"]
[Black "Iren, Muhammet Kaan"]
[Result "1-0"]
[WhiteElo "2121"]
[BlackElo "1698"]
[Annotator "NA"]
[PlyCount "83"]
[EventDate "2020.01.26"]
[EventType "swiss"]
[EventCountry "TUR"]
[SourceTitle "playchess.com"]
[Source "ChessBase"]
[SourceQuality "1"]

1. d4 Nf6 2. Bf4 d5 3. e3 e6 4. c3 Bd6 5. Bg3 O-O 6. Nd2 b6 7. Bd3 Ba6 8. Bxa6 Nxa6 9. Ngf3 c5 10. Qe2 Nc7 11. Rd1 cxd4 12. exd4 Nce8 13. Ne5 Rc8 14. O-O Be7 15. Qa6 Nd6 16. f3 Nh5 17. Bf2 Nf4 18. Rfe1 Rc7 19. a4 Qc8 20. Qf1 Nc4 21. Nexc4 dxc4 22. Bg3 Nd3 23. Bxc7 Nxe1 24. Rxe1 Qxc7 25. Qxc4 Qf4 26. Qe2 Bd6 27. g3 Qf5 28. Nc4 Bb8 29. Ne3 Qg5 30. Qb5 Qg6 31. Qe2 h5 32. Ng2 Qf6 33. f4 g6 34. Nh4 Qd8 35. Nf3 Qd5 36. Ng5 Qf5 37. Qe4 Qa5 38. Nxe6 Re8 39. d5 fxe6 40. b4 Qxa4 41. Qxg6+ Kf8 42. dxe6 1-0

[Event "Turkey Cup 2020"]
[Site "Antalya-Belek"]
[Date "2020.01.28"]
[Round "4.35"]
[White "Basara, Arda"]
[Black "Karaoglan, Kivanc"]
[Result "0-1"]
[WhiteElo "1768"]
[BlackElo "2123"]
[Annotator "NA"]
[PlyCount "73"]
[EventDate "2020.01.26"]
[EventType "swiss"]
[EventCountry "TUR"]
[SourceTitle "playchess.com"]
[Source "ChessBase"]
[SourceQuality "1"]

1. d4 Nf6 2. Nf3 d5 3. c4 e6 4. Nc3 dxc4 5. e4 b5 6. e5 Nd5 7. Nxb5 Nb6 8. Be2 Bb7 9. O-O Be7 10. Be3 O-O 11. Nd2 Qd7 12. Nc3 Rd8 13. Nde4 Nc6 14. Nc5 Bxc5 15. dxc5 Nd5 16. Bxc4 Nxe3 17. fxe3 Nxe5 18. Qxd7 Rxd7 19. Bb5 Rd2 20. Rf2 Rxf2 21. Kxf2 Kf8 22. h3 Ke7 23. Rd1 Rb8 24. Rd4 Bc6 25. a4 a6 26. Bxa6 Rxb2+ 27. Be2 Rc2 28. Nb5 Bxb5 29. axb5 Rxc5 30. Bf1 Rc2+ 31. Kg3 g5 32. Bd3 Rc3 33. Bxh7 Rxe3+ 34. Kf2 Rb3 35. h4 gxh4 36. Rxh4 Rxb5 37. Bc2 0-1

[Event "Turkey Cup 2020"]
[Site "Antalya-Belek"]
[Date "2020.01.28"]
[Round "4.36"]
[White "Yelligedik, Murat"]
[Black "Var, Sefa"]
[Result "1-0"]
[WhiteElo "2056"]
[BlackElo "1739"]
[Annotator "NA"]
[PlyCount "73"]
[EventDate "2020.01.26"]
[EventType "swiss"]
[EventCountry "TUR"]
[SourceTitle "playchess.com"]
[Source "ChessBase"]
[SourceQuality "1"]

1. d4 d5 2. c4 c6 3. Nf3 Nf6 4. Nc3 e6 5. e3 Nbd7 6. Bd3 dxc4 7. Bxc4 b5 8. Bd3 Bb7 9. O-O a6 10. Qe2 c5 11. Rd1 Qb6 12. Ne5 Nxe5 13. dxe5 Nd7 14. f4 c4 15. Bc2 f5 16. exf6 Nxf6 17. Kh1 Bc5 18. b3 cxb3 19. axb3 Rc8 20. Rb1 O-O 21. Rd3 Rc7 22. b4 Be7 23. e4 Rfc8 24. Be3 Qc6 25. e5 Qxg2+ 26. Qxg2 Bxg2+ 27. Kxg2 Rxc3 28. Bb3 Nd5 29. Bxd5 exd5 30. Rxc3 Rxc3 31. Kf2 Kf7 32. f5 Rc4 33. Rd1 g6 34. f6 Bxb4 35. Rxd5 Re4 36. Kf3 Ke6 37. Kxe4 1-0

[Event "Turkey Cup 2020"]
[Site "Antalya-Belek"]
[Date "2020.01.28"]
[Round "4.37"]
[White "Ekici, Kaan Muhammed"]
[Black "Seyhanoglu, Deniz"]
[Result "0-1"]
[WhiteElo "1738"]
[BlackElo "2087"]
[Annotator "NA"]
[PlyCount "70"]
[EventDate "2020.01.26"]
[EventType "swiss"]
[EventCountry "TUR"]
[SourceTitle "playchess.com"]
[Source "ChessBase"]
[SourceQuality "1"]

1. e4 c5 2. Nf3 e6 3. c4 a6 4. d4 cxd4 5. Nxd4 Nf6 6. Nc3 Qc7 7. Be2 b6 8. O-O Bb7 9. f3 d6 10. Be3 Be7 11. Qd2 O-O 12. Rfd1 Nbd7 13. Rac1 Rac8 14. Bf1 Qb8 15. Qf2 Bd8 16. b4 Bc7 17. Nb3 d5 18. exd5 Bxh2+ 19. Kh1 Bg3 20. Qd2 exd5 21. cxd5 Qe5 22. Bg5 h6 23. f4 Qd6 24. Qe3 hxg5 25. Qxg3 gxf4 26. Qh4 Rfe8 27. Rd4 Re3 28. Bd3 Qe5 29. Kg1 Nf8 30. Ne2 Rxe2 31. Rxc8 Re1+ 32. Kh2 Bxc8 33. Qxf4 Ng4+ 34. Kg3 Re3+ 35. Kh4 Qxf4 0-1

[Event "Turkey Cup 2020"]
[Site "Antalya-Belek"]
[Date "2020.01.28"]
[Round "4.38"]
[White "Ozsarilar, Osman Nuri"]
[Black "Usun, Tolga"]
[Result "1-0"]
[WhiteElo "1724"]
[BlackElo "2021"]
[Annotator "NA"]
[PlyCount "121"]
[EventDate "2020.01.26"]
[EventType "swiss"]
[EventCountry "TUR"]
[SourceTitle "playchess.com"]
[Source "ChessBase"]
[SourceQuality "1"]

1. e4 c5 2. Nf3 Nc6 3. d4 cxd4 4. Nxd4 Nf6 5. Nc3 e5 6. Nf3 Bb4 7. Bd3 d5 8. exd5 Nxd5 9. Bd2 Nxc3 10. bxc3 Be7 11. O-O O-O 12. Rb1 Bf6 13. Qe2 Re8 14. Be4 h6 15. Rfd1 Qe7 16. h3 Be6 17. a4 Rad8 18. Qb5 Bc8 19. Bxc6 bxc6 20. Qxc6 Rd6 21. Qe4 Red8 22. Rb8 Qc7 23. Ra8 Bg5 24. Nxg5 hxg5 25. Qe3 a6 26. Ra7 Bb7 27. Rb1 Rxd2 28. Rbxb7 Rd1+ 29. Kh2 Qc4 30. Rxf7 Qxf7 31. Rxf7 Kxf7 32. Qxe5 R1d5 33. Qc7+ R8d7 34. Qc4 a5 35. Kg3 Kg6 36. Qe4+ Kf6 37. c4 Rc5 38. Qf3+ Kg6 39. Qe4+ Kf6 40. f3 Rdc7 41. Qa8 Kf5 42. Qa6 R7c6 43. Qb7 Rc7 44. Qe4+ Kf6 45. Qe1 Kf5 46. Qd2 Kf6 47. Qd6+ Kf7 48. h4 gxh4+ 49. Kxh4 Rxc4+ 50. g4 R7c5 51. f4 Rc6 52. Qd7+ Kf8 53. f5 Rxc2 54. Qd8+ Kf7 55. Qxa5 g6 56. Qd5+ Kg7 57. Qd7+ Kg8 58. Qe8+ Kh7 59. Qe7+ Kh8 60. f6 R2c5 61. Qg7# 1-0

[Event "Turkey Cup 2020"]
[Site "Antalya-Belek"]
[Date "2020.01.28"]
[Round "4.39"]
[White "Ozguner, Hakki Ata"]
[Black "Temel, Burcu Melis"]
[Result "1-0"]
[WhiteElo "2077"]
[BlackElo "1752"]
[Annotator "NA"]
[PlyCount "53"]
[EventDate "2020.01.26"]
[EventType "swiss"]
[EventCountry "TUR"]
[SourceTitle "playchess.com"]
[Source "ChessBase"]
[SourceQuality "1"]

1. d4 Nf6 2. Bf4 e6 3. Nf3 b6 4. e3 d5 5. c3 Be7 6. Bd3 O-O 7. Ne5 c5 8. Nd2 Ba6 9. Nc6 Qe8 10. Bxa6 Nxa6 11. Nxe7+ Qxe7 12. O-O b5 13. Qe2 Qb7 14. dxc5 Nxc5 15. Nf3 a5 16. Nd4 b4 17. Rac1 Ncd7 18. Bd6 Rfc8 19. cxb4 axb4 20. Qb5 Qxb5 21. Nxb5 Ne4 22. Rxc8+ Rxc8 23. Bxb4 Rc2 24. Rb1 Nb6 25. f3 Nf6 26. Bc3 Na4 27. Nd4 1-0